Microsoft windows 2000. / (Record no. 2965)

MARC details
000 -LEADER
fixed length control field 01484nam a22001697a 4500
008 - FIXED-LENGTH DATA ELEMENTS--GENERAL INFORMATION
fixed length control field 140604b xxu||||| |||| 00| 0 eng d
020 ## - INTERNATIONAL STANDARD BOOK NUMBER
International Standard Book Number 0072398299
050 ## - LIBRARY OF CONGRESS CALL NUMBER
Classification number QA76.76.063.O442
100 ## - MAIN ENTRY--PERSONAL NAME
Personal name O'Leary,Timothy J.
245 ## - TITLE STATEMENT
Title Microsoft windows 2000. /
Statement of responsibility, etc. Timothy J.O'Leary and Linda I.O'Leary
260 ## - PUBLICATION, DISTRIBUTION, ETC.
Place of publication, distribution, etc. Boston:
Name of publisher, distributor, etc. McGraw-Hill;
Date of publication, distribution, etc. 2001.
300 ## - PHYSICAL DESCRIPTION
Extent xx,44p.;
Other physical details ills.:
Dimensions 27cm.
500 ## - GENERAL NOTE
General note Includes index
505 ## - FORMATTED CONTENTS NOTE
Formatted contents note Contents: Windows 2000 Basic Skill WN1:Starting windows 2000: Exploring the Desktop:Using the mouse: Starting the Help Program:Sizing and Moving Windows: Using the Help Contents: scrolling a window: Using a Text Box: using dialog Box: Using the Help search tab: Opening the My computer window: Arranging windows: minimizing all Open windows: Printing a Help Topic: Closing a Window:Exploring disk contents:Changing the Icon view: Arranging Folder Icons: Shutting down windows -- Organizing your work:Using windows explorer:Creating folders:Renaming folders:Deleting folders: Adding folder comments:Copying and Moving files:Using image preview:Checking disk properties and Contents: Finding files:Using Notepads:Opening a Notepad Document: Arranging desktop icons:Using the Recycle bin -- Using Application and Customizing the Desktop: Using word pad:Using Word wrap: Formatting Text:Preventing a document:Creating a Blank Document:Adding colors:Displaying the Channel Bar:Adding web Content: Restoring Desktop.
650 ## - SUBJECT ADDED ENTRY--TOPICAL TERM
Topical term or geographic name entry element Microsoft windows
942 ## - ADDED ENTRY ELEMENTS (KOHA)
Source of classification or shelving scheme Library of Congress Classification
Koha item type Books
Holdings
Withdrawn status Lost status Source of classification or shelving scheme Damaged status Not for loan Home library Current library Shelving location Date acquired Total Checkouts Full call number Barcode Date last seen Copy number Price effective from Koha item type
    Library of Congress Classification     WISCONSIN INTERNATIONAL UNIVERSITY COLLEGE, GHANA - MAIN LIBRARY WISCONSIN INTERNATIONAL UNIVERSITY COLLEGE, GHANA - MAIN LIBRARY Reference 04/06/2014   QA76.76.063.O442 7275/300/13 04/06/2014 1 04/06/2014 Books

If you have any concerns or questions; kindly contact the library


© Powered by WIUC ICT DIRECTORATE